000 00274nam a2200121Ia 4500
008 190216s9999||||xx |||||||||||||| ||und||
100 _aArthur W Galston
245 0 _aLife Of Green Plant
260 _bPrentice Hall
_c1958
300 _a116p
650 _aBotany
942 _cBK
999 _c1143
_d1143